| 000 | 01088nam a2200277Ia 4500 | ||
|---|---|---|---|
| 003 | OSt | ||
| 005 | 20220923211601.0 | ||
| 006 | a|||||r|||| 00| 0 | ||
| 007 | ta | ||
| 008 | 220922b |||||||| |||| 00| 0 hin d | ||
| 020 |
_a9789387145412 (hbk) _c800 |
||
| 024 | _a324,710 | ||
| 037 |
_b383, 10/03/2018, Eastern Book Linkers _cTextual |
||
| 040 |
_aARTS _cARTS _bhin |
||
| 041 |
_2hin _ahin |
||
| 082 | _aO152,1N177:g, Q8 | ||
| 100 |
_aमेहेर, छबिल कुमार, संपा. _9160874 |
||
| 245 | 0 |
_aमुक्तिबोध _b मूल्य और मूल्यांकन |
|
| 246 | _aMuktibodha: mūlya aur mūlyāankana | ||
| 260 |
_aनई दिल्ली _b अनन्य प्रकाशन _c2018 |
||
| 300 |
_a416पृ. _ccm. |
||
| 650 |
_a हिन्दी साहित्य _9156264 |
||
| 650 | _aहिन्दी कविता | ||
| 942 |
_hO152,1N177:g, Q8 _cTEXL _2CC |
||
| 999 |
_c301045 _d301045 |
||